ՀՀ Գիտությունների ազգային ակադեմիայի հիմնարար գիտական գրադարան  =   Fundamental Scientific Library of NAS RA

Ժառանգականութիւնն ու դաստիարակութիւնը / (Record no. 7917)

MARC details
000 -LEADER
fixed length control field 00781nam a2200217 a 4500
001 - CONTROL NUMBER
control field 000021475
003 - CONTROL NUMBER IDENTIFIER
control field AM-YEHGA
005 - DATE AND TIME OF LATEST TRANSACTION
control field 20250617120841.0
008 - FIXED-LENGTH DATA ELEMENTS--GENERAL INFORMATION
fixed length control field 030329s1908 gs |||||||||||||||||arm d
040 ## - CATALOGING SOURCE
Original cataloging agency AM-YeHGA
041 1# - LANGUAGE CODE
Language code of text/sound track or separate title arm
Language code of original ger
090 ## - LOCALLY ASSIGNED LC-TYPE CALL NUMBER (OCLC); LOCAL CALL NUMBER (RLIN)
-- 7977
100 1# - MAIN ENTRY--PERSONAL NAME
Personal name Լեման, Ռուդոլֆ
245 10 - TITLE STATEMENT
Title Ժառանգականութիւնն ու դաստիարակութիւնը /
Statement of responsibility, etc. Ռուդօլֆ Լեման; Թարգմ.՝ Լեւոն Բաբայեան.
260 ## - PUBLICATION, DISTRIBUTION, ETC.
Place of publication, distribution, etc. Թիֆլիս :
Name of publisher, distributor, etc. Ելեքտրաշարժ տպարան Ն. Աղանեանի,
Date of publication, distribution, etc. 1908.
300 ## - PHYSICAL DESCRIPTION
Extent 32 էջ
440 #0 - SERIES STATEMENT/ADDED ENTRY--TITLE
Title Հասկերի մանկավարժական գրադարան
Volume/sequential designation 16
650 14 - SUBJECT ADDED ENTRY--TOPICAL TERM
Topical term or geographic name entry element Մանկավարժություն
700 1# - ADDED ENTRY--PERSONAL NAME
Personal name Բաբայան, Լևոն
Relator term թարգմ.
Relationship trl
942 ## - ADDED ENTRY ELEMENTS (KOHA)
Koha item type Գրքեր / Books
Holdings
Withdrawn status Lost status Damaged status Not for loan Collection Home library Current library Date acquired Total checkouts Full call number Barcode Date last seen Cost, replacement price Price effective from Koha item type Public note
        General Fundamental Scientific Library Fundamental Scientific Library 21/12/2016   AI/2426 FL0036636 21/12/2016 15.00 21/12/2016 Գրքեր / Books 30 Days Loan


ՀՀ ԳԱԱ հիմնարար գիտական գրադարան
ՀՀ,Երևան 0019
Մարշալ Բաղրամյան 24/6
հեռախոս:(374-10) 52-47-50
Հետադարձ կապ

All site content, except where otherwise noted, is licensed under a
Creative Commons License